Perspectives on activity theory

Αποθηκεύτηκε σε:
Λεπτομέρειες βιβλιογραφικής εγγραφής
Άλλοι συγγραφείς: Engestrom, Yrjo 1948- (Επιμελητής έκδοσης), Miettinen, Reijo (Επιμελητής έκδοσης), Punamaki, Raija-Leena (Επιμελητής έκδοσης)
Μορφή: Βιβλίο
Γλώσσα:English
Δημοσίευση: Cambridge : Cambridge University Press, [c1999]
Σειρά:Learning in doing
Θέματα:
Ετικέτες: Προσθήκη ετικέτας
Δεν υπάρχουν, Καταχωρήστε ετικέτα πρώτοι!

MARC

LEADER 00000nam a2200000 i 4500
001 1/81544
008 080410s1999 eng d
020 |a 978-0-521-43730-1 
020 |a 0-521-43730-X 
035 |l 10096481 
040 |a GR-MY-UA  |b gre  |e aacr 
041 0 |a eng 
082 0 |a 153  |2 (22) 
245 1 0 |a Perspectives on activity theory /  |c edited by Yrjo Engestrom, Reijo Miettinen, Raija-Leena Punamaki 
260 |a Cambridge :   |b Cambridge University Press,   |c [c1999] 
300 |a xiii, 462 σ.;  |c 23 εκ. 
490 1 |a Learning in doing 
504 |a Περιλαμβάνει βιβλιογραφίες και ευρετήριο 
650 0 0 |a Intentionalism  |x Congresses. 
650 0 0 |a Action theory. 
650 0 0 |a Cognitive science. 
650 0 0 |a Psychology  |x Congresses. 
650 0 0 |a Learning  |x Congresses. 
700 1 |a Engestrom, Yrjo  |d 1948-  |4 edt 
700 1 |a Miettinen, Reijo.  |4 edt 
700 1 |a Punamaki, Raija-Leena.  |4 edt 
830 0 |a Learning in doing 
852 |a INST  |b RHODES  |e 20080410  |h 153 PER  |p 005400029340  |q 005400029340  |t BK  |y 0 
901 |a BIBL4-2008-1 
909 |a Ρ  |b 151993 
922 |a 4ΕΛΗ  |b 200803  |c ΕΠΕΑΕΚ2/ΤΕΠΑΕΣ  |d ΕΛΕΥΘΕΡΟΥΔΑΚΗΣ 
970 |a ΧΑΡΙΟΠΟΛΙΤΟΥ  |b ΚΩΝΣΤΑΝΤΙΝΑ  |z 2008/04/10